[Event "URS-FL"]
[Site "Ashkhabad"]
[Date "1978.??.??"]
[Round "10"]
[White "Savon, Vladimir A"]
[Black "Ivanov, Alexander"]
[Result "1/2-1/2"]
[WhiteElo "2550"]
[BlackElo "2395"]

1.c4 e6 2.Nc3 d5 3.d4 Nf6 4.Nf3 c6 5.e3 a6 6.Bd2 c5 7.Rc1 Nc6 8.cxd5 exd5
9.Be2 Bd6 10.dxc5 Bxc5 11.O-O O-O 12.Na4 Ba7 13.Bc3 Ne4 14.Bd4 Nxd4 15.Nxd4 Qd6
16.Bf3 Rd8 17.Nc3 Nf6 18.Qd3 Ng4 19.Bxg4 Bxg4 20.Nce2 Bb8 21.Ng3 h5 22.Rfe1 h4
23.Nf1 h3 24.g3 Qf6 25.Nd2 Be5 26.f3 Bd7 27.f4 Bb8 28.N2b3 b6 29.Rc3 Bd6
30.Rec1 Re8 31.a3 a5 32.Nd2 a4 33.N2f3 g6 34.Qd2 Ra5 35.Nc6 Bxc6 36.Rxc6 Qe7
37.Rc8 Bc5 38.Rxe8+ Qxe8 39.Ne5 Rb5 40.Rc3 Qe6 41.Kf2 Qf5 42.Qe2 Rb3 43.Rxb3 axb3
44.Qd3 Bxa3 45.Qxb3 Bd6 46.Qd3 Qc8 47.Nxg6 Qc1 48.Nh4 Qh1 49.Qf1 Qxh2+ 50.Kf3 Bc5
51.Nf5 Qxb2 52.Qxh3 Qf6 53.g4 Bf8 54.Qf1 Qc6 55.Qa6 d4+ 56.Kg3 dxe3 57.Qd3 b5
58.Nxe3 b4 59.Nd5 Qe6 60.g5 Be7  1/2-1/2

[Event "URS-FL"]
[Site "Ashkhabad"]
[Date "1978.??.??"]
[Round "17"]
[White "Gutman, Lev"]
[Black "Mikhalchishin, Adrian"]
[Result "0-1"]
[WhiteElo "2420"]
[BlackElo "2460"]

1.d4 d5 2.c4 c6 3.Nf3 Nf6 4.Nc3 e6 5.e3 Nbd7 6.Bd3 dxc4 7.Bxc4 b5 8.Bb3 b4
9.Ne2 Bd6 10.O-O O-O 11.Nf4 Bb7 12.Ng5 Bxf4 13.exf4 h6 14.Nf3 c5 15.f5 exf5
16.Nh4 Be4 17.f3 Bd5 18.Nxf5 Bxb3 19.axb3 Re8 20.Bxh6 gxh6 21.Qd2 Nh7 22.Nxh6+ Kf8
23.Qc2 Nhf6 24.dxc5 Qe7 25.c6 Qe3+ 26.Qf2 Qxh6 27.cxd7 Nxd7 28.Rfd1 Nf6 29.Qc5+ Kg7
30.Qxb4 Re2 31.Qd6 Rg8 32.Kh1 Kh8 33.Rg1 Qg5 34.g4 Kg7 35.f4 Qh4 36.f5 Rh8
37.Rg2 Rxg2 38.Kxg2 Qh3+ 39.Kg1 Qe3+ 40.Kf1 Qf3+ 41.Kg1 Qe3+ 42.Kf1 Rh3  0-1

[Event "HUN-ch"]
[Site "Budapest"]
[Date "1978.??.??"]
[Round "?"]
[White "Orso, Miklos"]
[Black "Tompa, Janos"]
[Result "0-1"]
[WhiteElo "2350"]
[BlackElo "2400"]

1.d4 Nf6 2.c4 c6 3.Nc3 d5 4.e3 e6 5.Nf3 Nbd7 6.Bd3 dxc4 7.Bxc4 b5 8.Bd3 a6
9.O-O c5 10.b3 Bb7 11.Qe2 Rc8 12.Bb2 Qb6 13.Rfd1 Be7 14.a4 c4 15.bxc4 bxc4
16.Bxc4 Bxf3 17.gxf3 Rxc4 18.Qxc4 Qxb2 19.d5 O-O 20.Ra2 Qb4 21.Qxb4 Bxb4
22.dxe6 fxe6 23.Ne2 a5 24.Nd4 Nc5 25.Rc2 Rd8 26.Rdc1 Rd5 27.Kg2 Nfd7 28.Nc6 Nd3
29.Nxb4 Rg5+ 30.Kf1 Nxc1 31.Rxc1 axb4 32.Rb1 Ra5 33.Rxb4 Ra7 34.Rc4 Kf7 35.Rf4+ Ke8
36.Rh4 h6 37.Rg4 Nc5 38.a5 Nb3  0-1

[Event "Buenos Aires ol (Men)"]
[Site "Buenos Aires"]
[Date "1978.??.??"]
[Round "?"]
[White "Huebner, Robert"]
[Black "Donoso Velasco, Pedro H"]
[Result "1-0"]
[WhiteElo "2595"]
[BlackElo "2405"]

1.c4 Nf6 2.Nc3 e6 3.Nf3 d5 4.d4 c6 5.e3 Nbd7 6.Qc2 Bd6 7.b3 O-O 8.Bb2 Qe7
9.Be2 dxc4 10.bxc4 e5 11.O-O Re8 12.Rfe1 b6 13.a4 a5 14.Rab1 Ba6 15.Ba1 Bc7
16.g3 Rab8 17.Bf1 Qf8 18.Ne2 c5 19.dxe5 Nxe5 20.Nxe5 Bxe5 21.Bxe5 Rxe5 22.Nc3 Qe8
23.e4 Qc6 24.f4 Ree8 25.Bg2 Bb7 26.Red1 Ng4 27.Qe2 f5 28.h3 Nf6 29.e5 Ne4
30.Nxe4 fxe4 31.Rd6 Qc7 32.Rbxb6 e3 33.Rb5 Bxg2 34.Kxg2 Rbd8 35.Rd5 Qc6 36.Rxc5 Qxa4
37.Rxa5 Qb3 38.Kf3 Rc8 39.Rab5 Qc3 40.c5 Red8 41.Rd6 Qc1 42.Kg4 Rf8 43.Rd1  1-0

[Event "Buenos Aires ol (Men)"]
[Site "Buenos Aires"]
[Date "1978.??.??"]
[Round "?"]
[White "Portisch, Lajos"]
[Black "Hamann, Svend"]
[Result "1-0"]
[WhiteElo "2630"]
[BlackElo "2470"]

1.c4 e6 2.Nc3 d5 3.d4 c6 4.e3 Nf6 5.Nf3 Nbd7 6.Bd3 dxc4 7.Bxc4 b5 8.Bd3 b4
9.Ne4 Be7 10.Nxf6+ Nxf6 11.e4 Bb7 12.O-O Nd7 13.Be3 O-O 14.Rc1 Rc8 15.Qa4 a5
16.Rfd1 c5 17.d5 exd5 18.exd5 Bd6 19.Bf5 Rc7 20.Bg5 Nf6 21.Bb1 h6 22.Bh4 g5
23.Bg3 Bxg3 24.hxg3 Bxd5 25.Qxa5 Qd6 26.b3 Rfc8 27.Qb5 Qc6 28.Nd4 Qa8 29.Qb6 Be4
30.Bxe4 Nxe4 31.Nf5 Qxa2 32.f3 Qf2+ 33.Kh2 Rc6 34.Rd8+ Kh7 35.Qb7 R8c7 36.Qb8 Nd2
37.Rh8+ Kg6 38.g4 Kf6 39.Rxh6+ Ke5 40.Rxc6  1-0

[Event "Buenos Aires ol (Men)"]
[Site "Buenos Aires"]
[Date "1978.??.??"]
[Round "?"]
[White "Ferreira, Oscar"]
[Black "Langeweg, Kick"]
[Result "1/2-1/2"]
[WhiteElo "2335"]
[BlackElo "2200"]

1.Nf3 d5 2.d4 Nf6 3.c4 e6 4.Nc3 c6 5.e3 Nbd7 6.Bd3 dxc4 7.Bxc4 b5 8.Bd3 Bb7
9.O-O b4 10.Ne4 Be7 11.Nxf6+ Nxf6 12.Qe2 O-O 13.e4 c5 14.dxc5 Nd7 15.c6 Bxc6
16.Be3 Bb7 17.Rfd1 Nc5 18.Bb5 Qb8 19.Bxc5 Bxc5 20.Rac1 Rc8 21.Bd7  1/2-1/2

[Event "Buenos Aires ol (Men)"]
[Site "Buenos Aires"]
[Date "1978.??.??"]
[Round "?"]
[White "Clua Ballague, M."]
[Black "Bouasria, M."]
[Result "0-1"]
[WhiteElo "2200"]
[BlackElo "2200"]

1.c4 Nf6 2.Nc3 e6 3.Nf3 d5 4.d4 c6 5.e3 Be7 6.Bd3 O-O 7.O-O Nbd7 8.Re1 dxc4
9.Bxc4 b5 10.Bd3 b4 11.Ne2 c5 12.e4 Bb7 13.Ng3 cxd4 14.Nxd4 Nc5 15.Bc2 Re8
16.Bg5 Rc8 17.e5 Qd5 18.Nf3 Qxd1 19.Raxd1 Nd5 20.Bc1 a5 21.Ne4 Nxe4 22.Bxe4 Rc7
23.Nd4 Rec8 24.Bxd5 Bxd5 25.b3 Kf8 26.Be3 a4 27.Nb5 Rc2 28.bxa4 Rxa2 29.Rc1 Rac2
30.Rxc2 Rxc2 31.Rc1 b3 32.Rxc2 bxc2 33.Nd4 Be4 34.Nb3 Ke8 35.Kf1 Bb4 36.Nc1 Bd5
37.f3 Bc4+ 38.Kf2 Kd7 39.Bb6 Kc6 40.Bd4 Kd5 41.Bb2 Bd2 42.g3 f6 43.exf6 gxf6
44.a5 e5 45.a6 Kc6 46.g4 Kb6 47.h4 Kxa6 48.g5 fxg5 49.hxg5 Bxg5 50.Kg3 Kb5  0-1

[Event "Buenos Aires ol (Men)"]
[Site "Buenos Aires"]
[Date "1978.??.??"]
[Round "?"]
[White "Arbouche, Muhamed"]
[Black "El Ageli, Kamel M"]
[Result "1-0"]
[WhiteElo "2200"]
[BlackElo "2200"]

1.d4 d5 2.c4 c6 3.Nc3 Nf6 4.e3 e6 5.Nf3 dxc4 6.Bxc4 Bd6 7.O-O O-O 8.e4 Be7
9.Bd3 Nfd7 10.e5 b6 11.Qe2 g6 12.Bh6 Re8 13.Ne4 a5 14.Nfg5 Bf8 15.Qf3 Qe7
16.Nf6+ Nxf6 17.exf6 Qd6 18.Bxg6 hxg6 19.Bxf8 Qd5 20.Qg3 Qxd4 21.Bg7 e5 22.Rad1 Qf4
23.Rfe1 Qxg3 24.hxg3 Nd7 25.Re4 c5 26.Rh4  1-0

[Event "URS-ch sf"]
[Site "Daugavpils"]
[Date "1978.??.??"]
[Round "?"]
[White "Khodos, German"]
[Black "Kataev, V."]
[Result "1/2-1/2"]
[WhiteElo "2200"]
[BlackElo "2200"]

1.d4 c6 2.c4 d5 3.Nf3 Nf6 4.Nc3 e6 5.e3 Nbd7 6.b3 Bb4 7.Bd2 Qe7 8.Be2 O-O
9.O-O Re8 10.Qc2 dxc4 11.bxc4 e5 12.dxe5 Nxe5 13.Nd4 g6 14.Rae1 c5 15.Nf3 Ba5
16.e4 Bc7 17.Nxe5 Bxe5 18.f4 Bd4+ 19.Kh1 Bd7 20.e5 Bxc3 21.Bxc3 Ng4 22.Bf3 Bf5
23.Qe2 h5 24.Bd5 Rad8 25.Ba1 Rd7 26.Rd1 Red8 27.Rd2 b5 28.h3 bxc4 29.hxg4 hxg4
30.Rfd1 Qh4+ 31.Kg1 g3 32.Qe3 Qh2+ 33.Kf1 Qh1+ 34.Qg1 Qxg1+ 35.Kxg1 Be6 36.Bc3 Bxd5
37.Kf1 Be6 38.Rxd7 Rxd7 39.Rxd7 Bxd7 40.Be1 a6 41.Ke2 Bc6 42.Kd2  1/2-1/2

[Event "URS-ch sf"]
[Site "Daugavpils"]
[Date "1978.??.??"]
[Round "?"]
[White "Fokin, Sergey"]
[Black "Suetin, Alexey S"]
[Result "0-1"]
[WhiteElo "2200"]
[BlackElo "2535"]

1.d4 Nf6 2.Nf3 d5 3.c4 e6 4.Nc3 c6 5.e3 Nbd7 6.Bd3 dxc4 7.Bxc4 b5 8.Bd3 a6
9.e4 c5 10.d5 c4 11.dxe6 fxe6 12.Bc2 Qc7 13.Bg5 Bc5 14.Qe2 Bb7 15.O-O O-O
16.Rad1 Ng4 17.h3 Nde5 18.Nxe5 Nxf2 19.Rd7 Qxe5 20.Be3 Nxh3+  0-1

[Event "URS-ch sf"]
[Site "Daugavpils"]
[Date "1978.??.??"]
[Round "?"]
[White "Faibisovich, Vadim Z"]
[Black "Dolmatov, Sergey"]
[Result "0-1"]
[WhiteElo "2460"]
[BlackElo "2495"]

1.d4 d5 2.c4 e6 3.Nc3 c6 4.e3 Nf6 5.Nf3 Nbd7 6.Bd3 dxc4 7.Bxc4 b5 8.Bd3 a6
9.a4 b4 10.Ne4 c5 11.O-O Bb7 12.Nxf6+ Nxf6 13.a5 Qd5 14.Re1 Ne4 15.Qe2 Bd6
16.Rd1 O-O 17.dxc5 Qxc5 18.Nd2 Nxd2 19.Bxd2 Rfd8 20.Be1 Bc7 21.Rac1 Qxa5
22.Rc4 Bd6 23.Rh4 g6 24.Qg4 Be7 25.Bxb4 Bxb4  0-1

[Event "DEN-ch"]
[Site "Horsens"]
[Date "1978.??.??"]
[Round "11"]
[White "Rosenlund, Thorbjorn"]
[Black "Iskov, Gert"]
[Result "0-1"]
[WhiteElo "2340"]
[BlackElo "2395"]

1.c4 c6 2.d4 d5 3.Nf3 e6 4.Nc3 Nf6 5.e3 Nbd7 6.Bd3 dxc4 7.Bxc4 b5 8.Bb3 b4
9.Ne2 Bb7 10.O-O Bd6 11.Nf4 Qe7 12.Qe2 c5 13.e4 Bxe4 14.Ng5 Bxf4 15.Bxf4 Bd5
16.dxc5 Qxc5 17.Rac1 Qb6 18.Bc7 Qb7 19.Bd6 Bxb3 20.axb3 Qd5 21.Qa6 Nb6 22.Rfd1 Qxg5
23.Rc5 Nfd5 24.Qb5+ Kd8 25.Qc6 Rc8 26.Bc7+ Ke7 27.Qd6+ Kf6 28.Bxb6 Rxc5 29.Bxc5 Kg6
30.Qa6 Nf4 31.g3 Qxc5 32.gxf4 Rc8 33.Qd3+ Qf5 34.Qg3+ Kh6 35.Re1 Rc5 36.Qe3 Qg4+
37.Kf1 Rf5 38.Qg3 Qxf4 39.Qxf4+ Rxf4 40.Ra1 Rf3 41.Rxa7 Kg6  0-1

[Event "Makarczyk mem"]
[Site "Lodz"]
[Date "1978.??.??"]
[Round "1"]
[White "Helmers, Knut J"]
[Black "Lengyel, Levente"]
[Result "1/2-1/2"]
[WhiteElo "2345"]
[BlackElo "2430"]

1.c4 Nf6 2.Nc3 e6 3.Nf3 d5 4.d4 c6 5.e3 Nbd7 6.Bd3 Bb4 7.a3 Ba5 8.O-O O-O
9.Qc2 Qe7 10.Bd2 dxc4 11.Bxc4 Bc7 12.Ne4 Nxe4 13.Qxe4 Bd6 14.Rac1 e5 15.dxe5 Nxe5
16.Nxe5 Qxe5 17.Qxe5  1/2-1/2

[Event "Lloyds Bank op"]
[Site "London"]
[Date "1978.??.??"]
[Round "?"]
[White "Michaelides, Evan"]
[Black "Crouch, Colin S"]
[Result "0-1"]
[WhiteElo "2200"]
[BlackElo "2300"]

1.c4 Nf6 2.Nc3 c6 3.Nf3 d5 4.d4 e6 5.e3 Nbd7 6.Bd3 dxc4 7.Bxc4 b5 8.Bb3 b4
9.Ne2 Bd6 10.O-O O-O 11.a3 bxa3 12.bxa3 Bb7 13.Nd2 c5 14.Bb2 Bxh2+ 15.Kxh2 Ng4+
16.Kh3 Qg5 17.Nf4 Ndf6 18.d5 e5 19.Ne4 Qh6+ 20.Kg3 exf4+ 21.exf4 Nxe4+ 22.Kxg4 Rae8
23.Qc2 c4 24.Ba4 Qg6+ 25.Kh4 Bc8 26.Qd1 Qh6+  0-1

[Event "Lloyds Bank op"]
[Site "London"]
[Date "1978.??.??"]
[Round "?"]
[White "Burger, Karl"]
[Black "Koszorus, Pal"]
[Result "1-0"]
[WhiteElo "2300"]
[BlackElo "2275"]

1.Nf3 Nf6 2.c4 e6 3.d4 d5 4.Nc3 c6 5.e3 Bd6 6.Bd3 O-O 7.O-O Nbd7 8.e4 dxe4
9.Nxe4 Nxe4 10.Bxe4 Nf6 11.Bc2 c5 12.Bg5 cxd4 13.Qxd4 Be7 14.Qh4 h6 15.Bxh6 gxh6
16.Qxh6 Qa5 17.Ng5 Qd2 18.Bh7+ Kh8 19.Be4+ Kg8 20.Rad1 Qf4 21.Rd3 e5 22.Bh7+ Kh8
23.Bf5+ Kg8 24.Rh3  1-0

[Event "Aaronson"]
[Site "London"]
[Date "1978.??.??"]
[Round "2"]
[White "Perkins, Alan H"]
[Black "Diesen, Mark C"]
[Result "0-1"]
[WhiteElo "2310"]
[BlackElo "2440"]

1.d4 d5 2.c4 e6 3.Nc3 c6 4.e3 Nf6 5.Nf3 Nbd7 6.Bd3 dxc4 7.Bxc4 b5 8.Bd3 Bb7
9.e4 b4 10.Na4 c5 11.e5 Nd5 12.O-O cxd4 13.Re1 g6 14.Bb5 a6 15.Bg5 axb5 16.Bxd8 Rxd8
17.Nxd4 bxa4 18.Qxa4 Bc5 19.Rad1 O-O 20.Qb5 Ba8 21.g3 Ba7 22.Nc6 Bxc6 23.Qxc6 Nc5
24.Qb5 Rb8 25.Qe2 Bb6 26.Rc1 Ra8 27.Qb5 Rfc8 28.Red1 Ra5 29.Qc4 Rc7 30.Qh4 Rd7
31.Rc4 Rxa2 32.Rdc1 Nd3 33.Rc8+ Kg7 34.R1c2 Ra1+ 35.Kg2 Ne1+ 36.Kh3 Nxc2
37.Rxc2  0-1

[Event "Lvov zt"]
[Site "Lvov"]
[Date "1978.??.??"]
[Round "2"]
[White "Kuzmin, Gennadi P"]
[Black "Bagirov, Vladimir"]
[Result "1/2-1/2"]
[WhiteElo "2535"]
[BlackElo "2495"]

1.c4 c6 2.d4 d5 3.Nf3 Nf6 4.Nc3 e6 5.e3 Nbd7 6.Bd3 dxc4 7.Bxc4 b5 8.Bd3 Bb7
9.O-O b4 10.Ne4 Be7 11.Nxf6+ Nxf6 12.e4 O-O 13.Qc2 h6 14.Rd1 Rc8 15.e5 Nd7
16.Bh7+ Kh8 17.Be4 Qb6 18.Nd2 c5 19.Nc4 Bxe4 20.Qxe4 Qa6 21.b3 Nb6 22.Nxb6 axb6
23.Be3 Qa8  1/2-1/2

[Event "Mitropa-Cup"]
[Site "?"]
[Date "1978.??.??"]
[Round "2"]
[White "Rukavina, Josip"]
[Black "Lombard, Andre"]
[Result "1/2-1/2"]
[WhiteElo "2435"]
[BlackElo "2400"]

1.d4 Nf6 2.Nf3 d5 3.c4 e6 4.Nc3 c6 5.e3 Nbd7 6.Bd3 dxc4 7.Bxc4 b5 8.Bd3 a6
9.a4 b4 10.Ne4 c5 11.O-O Bb7 12.Nxf6+ Nxf6 13.a5 Qd5 14.Qe2 cxd4 15.exd4 Bd6
16.Re1 O-O 17.Bg5 Rfc8 18.Qd2 Ne8 19.Re4 Bf8 20.Rh4 f5 21.Bf4 Nf6 22.Qe2 Rc6
23.Qf1 Bd6 24.Ne5 Bxe5 25.dxe5 Ne4 26.Bxe4 fxe4 27.Rg4 Rd8 28.Qe1 Rc4 29.h3 Qd4
30.Bh6 Rd7 31.Qe2  1/2-1/2

[Event "Kringsja"]
[Site "Oslo"]
[Date "1978.??.??"]
[Round "4"]
[White "Helmers, Knut J"]
[Black "Ulrichsen, Jarl Henning"]
[Result "1-0"]
[WhiteElo "2345"]
[BlackElo "2315"]

1.d4 d5 2.c4 c6 3.Nf3 Nf6 4.Nc3 e6 5.e3 Nbd7 6.Bd3 Bd6 7.e4 dxe4 8.Nxe4 Nxe4
9.Bxe4 e5 10.O-O exd4 11.Qxd4 Qf6 12.Bg5 Qxd4 13.Nxd4 Nc5 14.Bf5 f6 15.Be3 Kf7
16.Rad1 Be7 17.Bxc8 Rhxc8 18.Nf5 Na6 19.Nxe7 Kxe7 20.Rfe1 Kf8 21.Rd7 Rc7
22.Rxc7 Nxc7 23.Bc5+ Kg8 24.Re7 Na6 25.Be3 b6 26.g4 h6 27.a3 Nc5 28.Rc7 Nd3
29.b3 c5 30.h3 a5 31.Rb7 Ra6 32.a4 Ne1 33.Kf1 Nf3 34.Kg2 Ne1+ 35.Kg3 Nc2
36.Kf4 Na1 37.Ke4 Nxb3 38.Kd5 f5 39.gxf5 Ra8 40.Rxb6 Rd8+ 41.Rd6 Rb8 42.Bxc5 Nxc5
43.Kxc5 Rb4 44.Kd5 Rxa4 45.c5 Ra2 46.c6 Rd2+ 47.Ke6 Rc2 48.Kd7 a4 49.c7  1-0

[Event "Rubinstein mem"]
[Site "Polanica Zdroj"]
[Date "1978.??.??"]
[Round "3"]
[White "Garcia Martinez, Silvino"]
[Black "Diesen, Mark C"]
[Result "1/2-1/2"]
[WhiteElo "2435"]
[BlackElo "2220"]

1.d4 e6 2.c4 d5 3.Nf3 Nf6 4.Nc3 c6 5.e3 Nbd7 6.Bd3 dxc4 7.Bxc4 b5 8.Bb3 b4
9.Ne2 c5 10.O-O Bd6 11.Ng3 O-O 12.Re1 Bb7 13.Bc2  1/2-1/2

[Event "Rubinstein mem"]
[Site "Polanica Zdroj"]
[Date "1978.??.??"]
[Round "15"]
[White "Dorfman, Josif D"]
[Black "Bednarski, Jacek B"]
[Result "1-0"]
[WhiteElo "2550"]
[BlackElo "2365"]

1.d4 d5 2.c4 c6 3.Nf3 Nf6 4.Nc3 e6 5.e3 Nbd7 6.Bd3 dxc4 7.Bxc4 b5 8.Bd3 Bb7
9.e4 b4 10.Na4 c5 11.e5 Nd5 12.O-O cxd4 13.Re1 Be7 14.Nxd4 O-O 15.Qg4 Kh8
16.Qh3 g6 17.Bh6 Re8 18.Bb5 Rc8 19.Qf3 Kg8 20.Qg4 Rc7 21.Rac1 Rxc1 22.Rxc1 Nxe5
23.Qe4 Bg5 24.Bxg5 Qxg5 25.Re1 Rc8 26.Qxe5 Qxe5 27.Rxe5 Rc1+ 28.Bf1 Ba6 29.Ne2 Nf4
30.Nxc1  1-0

[Event "Kamen Piskov mem 2"]
[Site "Ruse"]
[Date "1978.??.??"]
[Round "12"]
[White "Kolarov, Atanas S"]
[Black "Filchev, Rusko"]
[Result "1/2-1/2"]
[WhiteElo "2435"]
[BlackElo "2200"]

1.d4 d5 2.Nf3 Nf6 3.c4 c6 4.Nc3 e6 5.e3 Nbd7 6.Qc2 Bd6 7.Bd2 Qe7 8.O-O-O e5
9.cxd5 cxd5 10.dxe5 Nxe5 11.Nxe5 Bxe5 12.Bb5+ Bd7 13.Qa4 Rc8 14.Kb1 a6 15.Bxd7+ Qxd7
16.Qxd7+ Kxd7 17.f3 h5 18.e4 dxe4 19.Bh6+ Ke7 20.Bxg7 Rhg8 21.Bxf6+ Bxf6
22.Nd5+ Ke6 23.Rhe1 Rc4 24.b3 Rd4 25.Rxd4 Bxd4 26.Nf4+ Kf5 27.Rxe4 Be5 28.g3 h4
29.Nd5 Ke6 30.f4 Kxd5 31.Rxe5+ Kd6 32.Re3 hxg3 33.hxg3 Rh8 34.Kb2 Rh2+ 35.Ka3 Rg2
36.b4 f6 37.Kb3 Kd5 38.a4 b5 39.axb5 axb5 40.Kc3 Rg1 41.Kd3 Rb1 42.Kc3 Rc1+
43.Kd2  1/2-1/2

[Event "Sao Paulo"]
[Site "Sao Paulo"]
[Date "1978.??.??"]
[Round "6"]
[White "Camara, Helder"]
[Black "Dorfman, Josif D"]
[Result "0-1"]
[WhiteElo "2325"]
[BlackElo "2550"]

1.d4 Nf6 2.c4 e6 3.Nf3 d5 4.Nc3 c6 5.e3 Nbd7 6.Bd3 dxc4 7.Bxc4 b5 8.Bd3 a6
9.e4 c5 10.d5 c4 11.dxe6 fxe6 12.Bc2 Bb7 13.O-O Qc7 14.Nd4 Nc5 15.Qe2 O-O-O
16.Ndxb5 axb5 17.Nxb5 Qa5 18.a4 Nd3 19.b4 Bxb4 20.Bg5 Nxe4 21.Bxd8 Rxd8 22.Qg4 Qb6
23.Bxd3 cxd3 24.Rab1 d2 25.Qxg7 Nxf2  0-1

[Event "Rilton Cup"]
[Site "Stockholm"]
[Date "1978.??.??"]
[Round "2"]
[White "Akesson, Ralf"]
[Black "Iskov, Gert"]
[Result "1-0"]
[WhiteElo "2290"]
[BlackElo "2395"]

1.c4 Nf6 2.Nc3 e6 3.Nf3 d5 4.d4 c6 5.e3 Nbd7 6.Qc2 Bd6 7.Bd2 O-O 8.O-O-O b5
9.cxb5 c5 10.e4 Bb7 11.exd5 exd5 12.Qf5 Qc7 13.Bd3 cxd4 14.Nxd4 Nc5 15.Bc2 Bc8
16.Qg5 h6 17.Qh4 Be5 18.Nc6 Bd7 19.Ne7+ Kh8 20.Bxh6  1-0

[Event "Rilton Cup"]
[Site "Stockholm"]
[Date "1978.??.??"]
[Round "8"]
[White "Eslon, Jaan"]
[Black "Iskov, Gert"]
[Result "1/2-1/2"]
[WhiteElo "2365"]
[BlackElo "2395"]

1.d4 d5 2.c4 e6 3.Nc3 c6 4.e3 Nf6 5.Nf3 Nbd7 6.Qc2 Bd6 7.Bd2 O-O 8.O-O-O b5
9.cxb5 c5 10.e4 Bb7 11.exd5 exd5 12.Kb1 Qc7 13.dxc5 Nxc5 14.Nd4 Be5 15.Be3 Rfc8
16.Be2 a6 17.b6 Qxb6 18.f3 Rab8 19.Qd2 Ba8 20.Rc1 Ne6 21.Na4 Rxc1+ 22.Rxc1 Qd6
23.g3 Nd7 24.Rc2 g6 25.f4 Bg7 26.Nxe6 fxe6 27.Bd4 e5 28.fxe5 Nxe5 29.Qc3 Re8
30.a3 Bb7 31.Qc7 Qxc7 32.Rxc7 Bc8 33.Ka2 Nf7 34.Bxg7 Kxg7 35.Bf3 d4 36.Nc5 Rd8
37.Be2 Kf6 38.Ne4+ Ke5 39.Re7+ Kf5 40.Bd3 Be6+ 41.Kb1 Ne5 42.Kc2 Bb3+ 43.Kd2 Nc4+
44.Bxc4 Bxc4 45.Nc5 Rd5 46.Rf7+ Kg4 47.Rf4+ Kh3 48.Rh4+ Kg2 49.Ne6 Rd7 50.Nf8 Rf7
51.Rxd4 Rxf8 52.Rxc4 Kxh2 53.Rh4+ Kxg3 54.Rxh7 g5 55.Rh6 a5 56.Ra6 Rf5 57.b4 axb4
58.axb4 g4 59.Kc3 Kf4 60.Kc4 g3 61.b5 g2 62.Ra1 Kg3 63.Rg1 Rf1 64.Rxg2+ Kxg2
65.b6 Kf3 66.Kd5 Kf4 67.b7  1/2-1/2

[Event "Tatran Cup"]
[Site "Strbske Pleso"]
[Date "1978.??.??"]
[Round "12"]
[White "Plachetka, Jan"]
[Black "Joksic, Sinisa"]
[Result "1/2-1/2"]
[WhiteElo "2470"]
[BlackElo "2405"]

1.Nf3 d5 2.d4 Nf6 3.c4 c6 4.e3 e6 5.Nc3 Nbd7 6.Qc2 Bd6 7.e4 dxe4 8.Nxe4 Nxe4
9.Qxe4 Bb4+ 10.Bd2 Bxd2+ 11.Nxd2 O-O 12.Bd3 Nf6 13.Qh4  1/2-1/2

[Event "URS-ch U26"]
[Site "Vilnius"]
[Date "1978.??.??"]
[Round "8"]
[White "Agzamov, Georgy"]
[Black "Dolmatov, Sergey"]
[Result "0-1"]
[WhiteElo "2390"]
[BlackElo "2495"]

1.Nf3 d5 2.d4 e6 3.c4 c6 4.e3 Nf6 5.Nc3 Nbd7 6.Bd3 dxc4 7.Bxc4 b5 8.Bd3 a6
9.e4 c5 10.d5 c4 11.dxe6 fxe6 12.Bc2 Bb7 13.Bg5 Qc7 14.Qe2 Bd6 15.O-O O-O
16.Rad1 Ng4 17.h3 Ngf6 18.Rfe1 Bc5 19.a3 Rae8 20.Be3 Bxe3 21.Qxe3 Nh5 22.Qd4 Nc5
23.Qe5 Qxe5 24.Nxe5 Rd8 25.g3 Nf6 26.f3 Nfd7 27.Nxd7 Nxd7 28.Kf2 Nc5 29.Ke3 e5
30.f4 Kf7 31.f5 Bc6 32.Rxd8 Rxd8 33.Rd1 Rxd1 34.Bxd1 a5 35.Be2 Ke7 36.g4 b4
37.axb4 axb4 38.Nd1 Ba4 39.g5 Bb3 40.h4 Na4 41.Kd2 Bxd1 42.Bxd1 Nxb2 43.Be2 c3+
44.Kc2 Na4 45.Bc4 Nc5 46.Bd5 Kd6 47.Ba8 g6 48.fxg6 hxg6 49.Bd5 Ke7 50.Bc4 Kf8
51.Be2 Kg7 52.Bf3 Kh7 53.Bd1 Kh8 54.Bf3 Kg7 55.Bd1 Ne6 56.Kd3 Nd4 57.Ba4 Kf7
58.Bd1 Ke7 59.Ba4 Kd6 60.Bd1 Kc5 61.Ba4 Ne6 62.Be8 Nf4+ 63.Kc2 Kd4 64.Bf7 Ke3
65.h5 gxh5  0-1

[Event "Vilnius"]
[Site "Vilnius"]
[Date "1978.??.??"]
[Round "12"]
[White "Reshevsky, Samuel Herman"]
[Black "Damjanovic, Mato"]
[Result "1/2-1/2"]
[WhiteElo "2490"]
[BlackElo "2455"]

1.c4 Nf6 2.Nf3 e6 3.Nc3 d5 4.d4 c6 5.e3 Nbd7 6.Bd3 dxc4 7.Bxc4 b5 8.Bd3 Bb7
9.e4 b4 10.Na4 c5 11.e5 Nd5 12.Nxc5 Bxc5 13.dxc5 Qa5 14.Qe2 Nxc5 15.Bc4 Nb6
16.Bd2 Rd8  1/2-1/2

[Event "Belgrade m"]
[Site "Belgrade"]
[Date "1979.??.??"]
[Round "6"]
[White "Gligoric, Svetozar"]
[Black "Ljubojevic, Ljubomir"]
[Result "0-1"]
[WhiteElo "2560"]
[BlackElo "2590"]

1.d4 Nf6 2.c4 e6 3.Nc3 d5 4.Nf3 c6 5.e3 Nbd7 6.Bd3 dxc4 7.Bxc4 b5 8.Bd3 a6
9.e4 c5 10.d5 c4 11.dxe6 cxd3 12.exd7+ Qxd7 13.Bg5 Bb7 14.O-O Be7 15.Re1 Rd8
16.e5 Ng4 17.Ne4 O-O 18.h3 Bxe4 19.Rxe4 Nxf2 20.Kxf2 Bxg5 21.Nxg5 Qf5+ 22.Qf3 Qxg5
23.Rd1 d2 24.Qe3 Qf5+ 25.Ke2 Rd5 26.Rxd2 Rxd2+ 27.Kxd2 Qf1 28.g4 Rc8 29.Qe1 Rd8+
30.Kc1 Qd3 31.b3 Rc8+ 32.Kb2 Qc2+ 33.Ka3 a5 34.e6 b4+ 35.Ka4 Qc6+ 36.Kxa5 Qc5+  0-1

[Event "JUG-34ch"]
[Site "Bjelovar"]
[Date "1979.??.??"]
[Round "4"]
[White "Antunac, Goran"]
[Black "Bojkovic, Slobodan"]
[Result "1/2-1/2"]
[WhiteElo "2455"]
[BlackElo "2410"]

1.d4 Nf6 2.c4 e6 3.Nf3 d5 4.Nc3 c6 5.e3 Nbd7 6.Bd3 dxc4 7.Bxc4 b5 8.Bd3 Bb7
9.e4 b4 10.Na4 c5 11.e5 Nd5 12.dxc5 Qa5 13.O-O Bxc5 14.a3 Be7 15.Bd2 Rd8
16.Qb3 O-O 17.Be4 Qc7 18.axb4 Nxe5 19.Nxe5 Qxe5 20.Rfe1 Qb8 21.Nc5 Bc6 22.Qc2 Nxb4
23.Bxb4 Qxb4 24.Nxe6 fxe6 25.Qxc6  1/2-1/2

[Event "JUG-34ch"]
[Site "Bjelovar"]
[Date "1979.??.??"]
[Round "6"]
[White "Simic, Radoslav"]
[Black "Karaklajic, Nikola"]
[Result "0-1"]
[WhiteElo "2420"]
[BlackElo "2460"]

1.d4 d5 2.c4 c6 3.Nf3 Nf6 4.Nc3 e6 5.e3 Nbd7 6.Bd3 a6 7.cxd5 cxd5 8.O-O Bd6
9.Qe2 O-O 10.e4 dxe4 11.Nxe4 Be7 12.Ne5 Nxe4 13.Qxe4 f5 14.Qe2 Nxe5 15.dxe5 b5
16.a4 Bb7 17.axb5 axb5 18.Be3 Rxa1 19.Rxa1 f4 20.Ba7 Bxg2 21.f3 Bh3 22.Bxb5 Rf5
23.Kh1 Qa8 24.b4 Rxe5 25.Bd4 Qxa1+ 26.Bxa1 Rxe2 27.Bxe2 Bxb4 28.Be5 Bd2 29.Bd3 Be3
30.Bd6 g6 31.Be5 Kf7 32.Bc3 h5  0-1

[Event "HUN-ch"]
[Site "Budapest"]
[Date "1979.??.??"]
[Round "9"]
[White "Petran, Pal"]
[Black "Pinter, Jozsef"]
[Result "0-1"]
[WhiteElo "2410"]
[BlackElo "2445"]

1.d4 Nf6 2.c4 e6 3.Nf3 d5 4.Nc3 c6 5.e3 Nbd7 6.Bd3 dxc4 7.Bxc4 b5 8.Bd3 a6
9.e4 c5 10.e5 cxd4 11.Nxb5 Nxe5 12.Nxe5 axb5 13.Qf3 Bb4+ 14.Ke2 Rb8 15.Bg5 Bb7
16.Bxb5+ Ke7 17.Nc6+ Bxc6 18.Bxc6 Bd6 19.Rab1 Qa5 20.Bxf6+ gxf6 21.a4 Rhc8
22.Rhd1 Qe5+ 23.Kf1 Rb6 24.Be4 f5 25.Bd3 Qxh2 26.b4 Bxb4 27.g3 Qh3+ 28.Ke2 Rc5
29.Rh1 Re5+ 30.Kd1 Qg4 31.Qxg4 fxg4 32.Rxh7 Re1+ 33.Kc2 Rxb1 34.Kxb1 Be1+
35.Kc2 Bxf2 36.Bg6 Rc6+ 37.Kd2 Be3+ 38.Kd3 Kf6 39.Bh5 Rc7 40.a5 Rc3+ 41.Ke4 Bg1
42.Rxf7+ Kg5 43.Rh7 Rxg3  0-1

[Event "URS-FL"]
[Site "Frunze"]
[Date "1979.??.??"]
[Round "12"]
[White "Lputian, Smbat G"]
[Black "Bagirov, Vladimir"]
[Result "0-1"]
[WhiteElo "2445"]
[BlackElo "2545"]

1.d4 Nf6 2.c4 e6 3.Nf3 d5 4.Nc3 c6 5.e3 Nbd7 6.Bd3 dxc4 7.Bxc4 b5 8.Bd3 a6
9.e4 c5 10.d5 c4 11.dxe6 cxd3 12.exd7+ Qxd7 13.O-O Bb7 14.Bg5 Be7 15.Re1 Rd8
16.e5 Ng4 17.Ne4 O-O 18.Qd2 f6 19.exf6 Nxf6 20.Bxf6 Bxf6 21.Nc5 Qc8 22.Nxb7 Qxb7
23.Rad1 Qd5 24.b3 Rd6 25.Re3 Rfd8 26.h4 Qc6 27.Rc1 Qb6 28.Rce1 Qc6 29.Rc1 Qd7
30.Re4 h6 31.Rd1 Qc6 32.Qe3 d2 33.Kh2 Kh7 34.Qe2 Qc2 35.g4 Bc3 36.Re3 b4
37.g5 Qf5 38.Qc4 Rd4 39.Qc7 Qf4+ 40.Qxf4 Rxf4 41.Kg2 Rf5 42.a4 bxa3 43.Rxc3 a2
44.Rc6 a1=Q 45.Rxa1 d1=Q 46.Rxd1 Rxd1 47.Rxa6 Rd8 48.Re6 Rdf8 49.Re3 Rb8
50.gxh6 gxh6 51.Rd3 Rg8+ 52.Kh3 Rg7 53.Rc3 Rf4 54.Rd3 Rb4 55.Nd2 Rg1 56.Nc4 Rb1
57.Rd7+ Kg8 58.Rd8+ Kg7 59.Rd7+ Kf8 60.f3 R1xb3 61.Ne5 Rb7 62.Rd6 Kg7 63.Kg4 R3b6
64.Rd3 Rf6 65.f4 Rb4 66.Rf3 Re4 67.h5 Re1 68.Rg3 Rh1 69.Kf3+ Kh7 70.Kg4 Rf1
71.Ng6 Kg7 72.Rb3 Rg1+ 73.Kf3 Ra6 74.Ne5 Rf1+ 75.Kg4 Rf6 76.Rb7+ Kg8 77.Rb8+ Rf8
78.Rb4 Rg1+ 79.Kf3 Rg5 80.Ng6 Rf7 81.Nh4 Rxh5 82.Kg4 Ra5 83.f5 Kh7 84.Rb6 Rg7+
85.Ng6 Ra4+ 86.Kh5 Ra1 87.Nf8+ Kg8 88.Ng6 Rh1+ 89.Kg4 Ra7 90.Rb4 Kg7 91.Ne5 Kf6
92.Kf4 Rf1+ 93.Ke4 Ra6 94.Nf3 Rfa1 95.Nd4 R1a4 96.Rb2 Rd6 97.Rd2 h5  0-1